[Event "Reno Far West op"]
[Site "Reno"]
[Date "2004.04.10"]
[Round "4"]
[White "Straver, Edwin"]
[Black "Anderson, Tory S"]
[Result "1-0"]
[WhiteElo "2118"]
[BlackElo "1985"]
[PlyCount "120"]
[EventDate "2004.04.09"]
[EventType "swiss"]
[EventRounds "6"]
[EventCountry "USA"]
[SourceTitle "EXT 2009"]
[Source "ChessBase"]
[SourceDate "2008.11.26"]
[SourceVersion "1"]
[SourceVersionDate "2008.11.26"]
[SourceQuality "1"]

1. d4 d5 2. c4 c6 3. cxd5 cxd5 4. Nc3 Nf6 5. Bf4 Nc6 6. e3 Qb6 7. Rc1 e6 8. Bd3 Be7 9. Nge2 0-0 10. 0-0 Bd7 11. Na4 Qd8 12. Nc5 Bc8 13. a3 a6 14. h3 Re8 15. Nxa6 Bd6 16. Nc5 e5 17. dxe5 Nxe5 18. Bb5 Re7 19. Bg5 Rc7 20. Nd3 Rxc1 21. Nexc1 h6 22. Bf4 Ng6 23. Ne2 Bf5 24. Bxd6 Qxd6 25. Ndf4 Ne5 26. Nd4 Bh7 27. Qb3 g5 28. Nd3 Ne4 29. Rd1 Rd8 30. Nxe5 Qxe5 31. Bd3 Kh8 32. Bxe4 Bxe4 33. Qxb7 Rb8 34. Nc6 Rxb7 35. Nxe5 f6 36. Nd3 Rb3 37. Nc5 Rxb2 38. Nxe4 dxe4 39. Rd4 Ra2 40. a4 f5 41. g4 Kg7 42. gxf5 Kf6 43. Rxe4 Kxf5 44. Rd4 Ke5 45. h4 Ra3 46. Kg2 Ra2 47. hxg5 hxg5 48. Rb4 Kf6 49. Rb6+ Ke7 50. Rg6 Rxa4 51. Rxg5 Kf6 52. f4 Ra3 53. Kf3 Rb3 54. Ra5 Rb1 55. Ra6+ Kf7 56. e4 Rg1 57. e5 Rf1+ 58. Kg4 Rg1+ 59. Kf5 Rf1 60. Ra7+ Kf8 1-0

[Event "Western States op"]
[Site "Reno"]
[Date "2002.10.18"]
[Round "2"]
[White "Pupols, Viktors"]
[Black "Anderson, Tory S"]
[Result "1/2-1/2"]
[WhiteElo "2235"]
[BlackElo "1731"]
[PlyCount "101"]
[EventDate "2002.10.18"]
[EventType "swiss"]
[EventRounds "6"]
[EventCountry "USA"]
[SourceTitle "EXT 2009"]
[Source "ChessBase"]
[SourceDate "2008.11.26"]
[SourceVersion "1"]
[SourceVersionDate "2008.11.26"]
[SourceQuality "1"]

1. d4 d5 2. c4 c6 3. Nf3 Nf6 4. e3 e6 5. Nc3 Nbd7 6. Qc2 Bd6 7. Be2 0-0 8. 0-0 Qe7 9. e4 Nxe4 10. Nxe4 dxe4 11. Qxe4 Nf6 12. Qc2 c5 13. Bg5 h6 14. Bh4 cxd4 15. Nxd4 Bxh2+ 16. Kxh2 Qd6+ 17. Bg3 Qxd4 18. Rad1 Qe4 19. Qd2 e5 20. Rfe1 Qg6 21. Bxe5 Ng4+ 22. Bxg4 Bxg4 23. f3 Be6 24. b3 Rfe8 25. Bg3 Rac8 26. Qf2 b6 27. Bd6 Rcd8 28. Bb4 Rd3 29. Rxd3 Qxd3 30. Re2 Qg6 31. Qh4 Qg5 32. Qxg5 hxg5 33. g4 f6 34. Kg3 Kf7 35. Rd2 Rc8 36. a4 g6 37. Rd1 f5 38. Bc3 Rc7 39. a5 Rd7 40. Rxd7+ Bxd7 41. axb6 axb6 42. Bd4 b5 43. Bb6 bxc4 44. bxc4 Ke7 45. Bc5+ Ke6 46. Bb4 Bc6 47. Kf2 Bd7 48. Ke3 Bc6 49. Bc3 Kd6 50. Bf6 fxg4 51. fxg4 1/2-1/2